000 00363 a2200169 4500
001 58593
020 _a853221679X
040 _cAnchieta - Pituba
100 _aQueirós, Eça de
240 1 0 _aA cidade e as serras
_lpor
245 1 0 _aA cidade e as serras
300 _a279
362 0 _a1995
440 1 _aFTD
650 4 _aFicção portuguesa
942 _cBK
999 _c58593
_d58593